Painting walls Part I: Choice of paint (Record no. 93353)

MARC details
000 -LEADER
fixed length control field 00353cam a2200157 4500
008 - FIXED-LENGTH DATA ELEMENTS--GENERAL INFORMATION
fixed length control field 090401t xxu||||| |||| 00| 0 eng d
020 ## - INTERNATIONAL STANDARD BOOK NUMBER
International Standard Book Number 0117268569
035 ## - SYSTEM CONTROL NUMBER
System control number (Sirsi) u53884
041 ## - LANGUAGE CODE
Language code of text/sound track or separate title eng
245 ## - TITLE STATEMENT
Title Painting walls Part I: Choice of paint
260 ## - PUBLICATION, DISTRIBUTION, ETC.
Name of publisher, distributor, etc. HMSO
350 ## - PRICE (NR) (BK AM CF MU VM SE) [OBSOLETE]
Price 0
490 ## - SERIES STATEMENT
Series statement BRE Digest
Volume/sequential designation 197
942 ## - ADDED ENTRY ELEMENTS (KOHA)
Suppress in OPAC 0
948 ## - LOCAL PROCESSING INFORMATION (OCLC); SERIES PART DESIGNATOR (RLIN)
c (OCLC) 04/03/1997
Holdings
Withdrawn status Lost status Source of classification or shelving scheme Damaged status Not for loan Home library Current library Shelving location Date acquired Total Checkouts Full call number Barcode Date last seen Date last checked out Copy number Price effective from Koha item type
    Other/Generic Classification Scheme     London London BRE publications 26/08/1994 1 ENQUIRY DESK 30041834 06/08/2019 22/06/2001 1 06/08/2019 Book